Physics : a numerical world view. (4th ed.) (Record no. 53594)

MARC details
000 -LEADER
fixed length control field 00619nam a2200169 a 4500
008 - FIXED-LENGTH DATA ELEMENTS--GENERAL INFORMATION
fixed length control field 130410s2001 ||||||||||||||||| || u
020 ## - INTERNATIONAL STANDARD BOOK NUMBER
International Standard Book Number 0030291623
050 ## - LIBRARY OF CONGRESS CALL NUMBER
Classification number QC 23 Kir
100 ## - MAIN ENTRY--PERSONAL NAME
Personal name Kirkpatrick, Larry D
245 10 - TITLE STATEMENT
Title Physics : a numerical world view. (4th ed.)
Statement of responsibility, etc. by Larry D. Kirkpatrick and Gerald F. Wheeler
250 ## - EDITION STATEMENT
Edition statement 4th ed.
260 ## - PUBLICATION, DISTRIBUTION, ETC.
Place of publication, distribution, etc. Florida:
Name of publisher, distributor, etc. Harcourt inc
Date of publication, distribution, etc. 2001
300 ## - PHYSICAL DESCRIPTION
Extent 185p.: ill.
650 #0 - SUBJECT ADDED ENTRY--TOPICAL TERM
Topical term or geographic name entry element PHYSICS
700 ## - ADDED ENTRY--PERSONAL NAME
Personal name Wheeler, Gerald F
995 ## - RECOMMENDATION 995 [LOCAL, UNIMARC FRANCE]
-- CBU-MAIN LIBRARY (Kitwe)
-- 1
-- AVAILABLE
-- May 10, 2013
-- Main Library Open Access Collection
Holdings
Withdrawn status Lost status Source of classification or shelving scheme Damaged status Not for loan Home library Current library Shelving location Date acquired Total Checkouts Full call number Barcode Date last seen Date last checked out Price effective from Koha item type
          CBU-MAIN LIBRARY, KITWE. CBU-MAIN LIBRARY, KITWE.   11/30/2022 1 QC 23 Kir 743723 06/30/2026 06/15/2026 11/30/2022 MONOGRAPH